[Event "Stay Safe Play From Home 409"]
[Site "Emanuel Lasker Arena"]
[Date "2020.08.25"]
[Round "1"]
[White "NTBT_DHS"]
[Black "Hickey"]
[Result "1-0"]
[WhiteElo "2569"]
[BlackElo "2259"]
[PlyCount "97"]
[EventDate "2020.08.25"]
[EventType "swiss (blitz)"]

1. e4 {[%emt 0:00:01]} c6 {[%emt 0:00:01]} 2. Nf3 {[%emt 0:00:01]} d5 {[%emt 0:00:00]} 3. exd5 {[%emt 0:00:00]} cxd5 {[%emt 0:00:00]} 4. d4 {[%emt 0:00:00]} Nc6 {[%emt 0:00:00]} 5. Bd3 {[%emt 0:00:00]} Nf6 {[%emt 0:00:00]} 6. h3 {[%emt 0:00:01]} g6 {[%emt 0:00:02]} 7. c3 {[%emt 0:00:00]} Bg7 {[%emt 0:00:00]} 8. O-O {[%emt 0:00:00]} O-O {[%emt 0:00:00]} 9. Re1 {[%emt 0:00:00]} b6 {[%emt 0:00:03]} 10. Bf4 {[%emt 0:00:04]} Bb7 {[%emt 0:00:00]} 11. Ne5 {[%emt 0:00:01]} Rc8 {[%emt 0:00:01]} 12. Nxc6 {[%emt 0:00:00]} Bxc6 {[%emt 0:00:01]} 13. Nd2 {[%emt 0:00:00]} Qd7 {[%emt 0:00:02]} 14. Ba6 {[%emt 0:00:03]} Bb7 {[%emt 0:00:02]} 15. Bxb7 {[%emt 0:00:01]} Qxb7 {[%emt 0:00:00]} 16. Qa4 {[%emt 0:00:02]} Rfe8 {[%emt 0:00:01]} 17. Re2 {[%emt 0:00:00]} a6 {[%emt 0:00:02]} 18. Rae1 {[%emt 0:00:01]} e6 {[%emt 0:00:01]} 19. Be5 {[%emt 0:00:01]} b5 {[%emt 0:00:01]} 20. Qa3 {[%emt 0:00:01]} Nd7 {[%emt 0:00:02]} 21. Bxg7 {[%emt 0:00:02]} Kxg7 {[%emt 0:00:13]} 22. Re3 {[%emt 0:00:01]} Nb6 {[%emt 0:00:00]} 23. Qd6 {[%emt 0:00:04]} Nc4 {[%emt 0:00:00]} 24. Nxc4 {[%emt 0:00:01]} bxc4 {[%emt 0:00:00]} 25. R1e2 {[%emt 0:00:03]} Rc6 {[%emt 0:00:01]} 26. Qe5+ {[%emt 0:00:01]} Kg8 {[%emt 0:00:01]} 27. h4 {[%emt 0:00:02]} Rb6 {[%emt 0:00:01]} 28. h5 {[%emt 0:00:01]} Rxb2 {[%emt 0:00:00]} 29. h6 {[%emt 0:00:00]} Rb1+ {[%emt 0:00:05]} 30. Re1 {[%emt 0:00:01]} Rxe1+ {[%emt 0:00:01]} 31. Rxe1 {[%emt 0:00:00]} f5 {[%emt 0:00:00]} 32. Qd6 {[%emt 0:00:05]} Kf7 {[%emt 0:00:03]} 33. g3 {[%emt 0:00:03]} Qe7 {[%emt 0:00:01]} 34. Qxa6 {[%emt 0:00:01]} Rb8 {[%emt 0:00:01]} 35. Kg2 {[%emt 0:00:02]} Rb2 {[%emt 0:00:01]} 36. Qc8 {[%emt 0:00:01]} f4 {[%emt 0:00:01]} 37. Qh8 {[%emt 0:00:01]} f3+ {[%emt 0:00:01]} 38. Kg1 {[%emt 0:00:02]} Qg5 {[%emt 0:00:01]} 39. Qxh7+ {[%emt 0:00:02]} Kf6 {[%emt 0:00:00]} 40. Qg7+ {[%emt 0:00:01]} Kf5 {[%emt 0:00:01]} 41. Re5+ {[%emt 0:00:01]} Kg4 {[%emt 0:00:01]} 42. Rxg5+ {[%emt 0:00:00]} Kh3 {[%emt 0:00:00]} 43. Rh5+ {[%emt 0:00:03]} gxh5 {[%emt 0:00:01]} 44. Qh7 {[%emt 0:00:01]} Rxa2 {[%emt 0:00:01]} 45. Qb1 {[%emt 0:00:01]} Re2 {[%emt 0:00:00]} 46. Qf1+ {[%emt 0:00:00]} Kg4 {[%emt 0:00:02]} 47. h7 {[%emt 0:00:00]} h4 {[%emt 0:00:00]} 48. h8=Q {[%emt 0:00:00]} hxg3 {[%emt 0:00:01]} 49. Qg7+ {[%emt 0:00:00] Time Time Time (Lag: Av=0.71s, max=2.3s) (Lag: Av=0.71s, max=2.3s) (Lag: Av=0.71s, max=2.3s)} 1-0

[Event "Stay Safe Play From Home 409"]
[Site "Emanuel Lasker Arena"]
[Date "2020.08.25"]
[Round "1"]
[White "Mepe_Nika"]
[Black "TheCHESSHOUSE"]
[Result "1-0"]
[WhiteElo "2408"]
[BlackElo "2130"]
[PlyCount "51"]
[EventDate "2020.08.25"]
[EventType "swiss (blitz)"]

1. d4 {[%emt 0:00:02]} Nf6 {[%emt 0:00:01]} 2. Nf3 {[%emt 0:00:00]} g6 {[%emt 0:00:00]} 3. c4 {[%emt 0:00:01]} Bg7 {[%emt 0:00:00]} 4. Nc3 {[%emt 0:00:00]} d6 {[%emt 0:00:00]} 5. e3 {[%emt 0:00:01]} O-O {[%emt 0:00:00]} 6. Be2 {[%emt 0:00:01]} Nc6 {[%emt 0:00:00]} 7. d5 {[%emt 0:00:00]} Nb8 {[%emt 0:00:02]} 8. O-O {[%emt 0:00:01]} c5 {[%emt 0:00:00]} 9. e4 {[%emt 0:00:02]} Nbd7 {[%emt 0:00:01]} 10. h3 {[%emt 0:00:01]} a6 {[%emt 0:00:01]} 11. Bf4 {[%emt 0:00:01]} Rb8 {[%emt 0:00:01]} 12. a4 {[%emt 0:00:01]} Ne8 {[%emt 0:00:01]} 13. Re1 {[%emt 0:00:01]} b6 {[%emt 0:00:01]} 14. Qd2 {[%emt 0:00:01]} Ne5 {[%emt 0:00:07]} 15. Nxe5 {[%emt 0:00:01]} dxe5 {[%emt 0:00:01]} 16. Be3 {[%emt 0:00:01]} Nd6 {[%emt 0:00:01]} 17. b3 {[%emt 0:00:02]} f5 {[%emt 0:00:06]} 18. f3 {[%emt 0:00:01]} f4 {[%emt 0:00:01]} 19. Bf2 {[%emt 0:00:01]} g5 {[%emt 0:00:01]} 20. Bd1 {[%emt 0:00:02]} h5 {[%emt 0:00:01]} 21. Na2 {[%emt 0:00:04]} Qe8 {[%emt 0:00:01]} 22. Rc1 {[%emt 0:00:01]} Qg6 {[%emt 0:00:02]} 23. b4 {[%emt 0:00:01]} cxb4 {[%emt 0:00:05]} 24. Nxb4 {[%emt 0:00:00]} Bd7 {[%emt 0:00:03]} 25. Nc6 {[%emt 0:00:02]} Rbc8 {[%emt 0:00:01]} 26. Nxe7+ {[%emt 0:00:01] TheCHESSHOUSE resigns TheCHESSHOUSE resigns TheCHESSHOUSE resigns (Lag: Av=0.71s, max=1.1s) (Lag: Av=0.71s, max=1.1s) (Lag: Av=0.71s, max=1.1s)} 1-0

[Event "Stay Safe Play From Home 409"]
[Site "Emanuel Lasker Arena"]
[Date "2020.08.25"]
[Round "1"]
[White "AChessPlayer"]
[Black "Klasman"]
[Result "1-0"]
[WhiteElo "2386"]
[BlackElo "1321"]
[PlyCount "57"]
[EventDate "2020.08.25"]
[EventType "swiss (blitz)"]

1. Nc3 {[%emt 0:00:05]} d5 {[%emt 0:00:02]} 2. e3 {[%emt 0:00:02]} e5 {[%emt 0:00:02]} 3. b3 {[%emt 0:00:01]} d4 {[%emt 0:00:01]} 4. Ne4 {[%emt 0:00:02]} f5 {[%emt 0:00:02]} 5. Ng3 {[%emt 0:00:00]} Nf6 {[%emt 0:00:03]} 6. Bb2 {[%emt 0:00:00]} c5 {[%emt 0:00:02]} 7. Nf3 {[%emt 0:00:01]} e4 {[%emt 0:00:02]} 8. Nh4 {[%emt 0:00:01]} g6 {[%emt 0:00:03]} 9. Bb5+ {[%emt 0:00:04]} Nc6 {[%emt 0:00:02]} 10. f3 {[%emt 0:00:01]} Ng4 {[%emt 0:00:05]} 11. fxg4 {[%emt 0:00:03]} Qxh4 {[%emt 0:00:01]} 12. Bxc6+ {[%emt 0:00:00]} bxc6 {[%emt 0:00:02]} 13. O-O {[%emt 0:00:01]} Bd6 {[%emt 0:00:02]} 14. exd4 {[%emt 0:00:02]} O-O {[%emt 0:00:04]} 15. Qe1 {[%emt 0:00:05]} Bxg3 {[%emt 0:00:02]} 16. Qxg3 {[%emt 0:00:01]} Qxg4 {[%emt 0:00:01]} 17. Qxg4 {[%emt 0:00:01]} fxg4 {[%emt 0:00:01]} 18. Rxf8+ {[%emt 0:00:00]} Kxf8 {[%emt 0:00:02]} 19. dxc5 {[%emt 0:00:00]} Bf5 {[%emt 0:00:03]} 20. Bd4 {[%emt 0:00:01]} Rd8 {[%emt 0:00:02]} 21. Be3 {[%emt 0:00:01]} Kf7 {[%emt 0:00:02]} 22. a4 {[%emt 0:00:00]} Kf6 {[%emt 0:00:02]} 23. Kf2 {[%emt 0:00:00]} h5 {[%emt 0:00:01]} 24. Kg3 {[%emt 0:00:04]} g5 {[%emt 0:00:01]} 25. Kf2 {[%emt 0:00:01]} h4 {[%emt 0:00:03]} 26. Ke2 {[%emt 0:00:00]} Rd5 {[%emt 0:00:03]} 27. b4 {[%emt 0:00:02]} Be6 {[%emt 0:00:02]} 28. b5 {[%emt 0:00:00]} cxb5 {[%emt 0:00:02]} 29. axb5 {[%emt 0:00:00] Time Time Time (Lag: Av=0.74s, max=1.5s) (Lag: Av=0.74s, max=1.5s) (Lag: Av=0.74s, max=1.5s)} 1-0

[Event "Stay Safe Play From Home 409"]
[Site "Emanuel Lasker Arena"]
[Date "2020.08.25"]
[Round "1"]
[White "Nguyen Hong Anh"]
[Black "lazieri3"]
[Result "1-0"]
[WhiteElo "2229"]
[BlackElo "1929"]
[PlyCount "93"]
[EventDate "2020.08.25"]
[EventType "swiss (blitz)"]

1. d4 {[%emt 0:00:01]} c6 {[%emt 0:00:00]} 2. c4 {[%emt 0:00:00]} d5 {[%emt 0:00:00]} 3. Nf3 {[%emt 0:00:00]} Nf6 {[%emt 0:00:00]} 4. Qc2 {[%emt 0:00:01]} g6 {[%emt 0:00:01]} 5. g3 {[%emt 0:00:01]} Bf5 {[%emt 0:00:01]} 6. Qb3 {[%emt 0:00:01]} Qc8 {[%emt 0:00:01]} 7. Bg2 {[%emt 0:00:01]} dxc4 {[%emt 0:00:01]} 8. Qxc4 {[%emt 0:00:01]} Bh3 {[%emt 0:00:00]} 9. O-O {[%emt 0:00:02]} h5 {[%emt 0:00:01]} 10. Bxh3 {[%emt 0:00:02]} Qxh3 {[%emt 0:00:02]} 11. Ng5 {[%emt 0:00:00]} Qd7 {[%emt 0:00:08]} 12. Qxf7+ {[%emt 0:00:01]} Kd8 {[%emt 0:00:02]} 13. Ne6+ {[%emt 0:00:01]} Kc8 {[%emt 0:00:02]} 14. Nxf8 {[%emt 0:00:00]} h4 {[%emt 0:00:04]} 15. Nxd7 {[%emt 0:00:02]} Nbxd7 {[%emt 0:00:01]} 16. Qxg6 {[%emt 0:00:01]} hxg3 {[%emt 0:00:01]} 17. hxg3 {[%emt 0:00:01]} b6 {[%emt 0:00:00]} 18. Nc3 {[%emt 0:00:01]} Kb7 {[%emt 0:00:01]} 19. d5 {[%emt 0:00:01]} Rag8 {[%emt 0:00:01]} 20. Qf5 {[%emt 0:00:02]} cxd5 {[%emt 0:00:02]} 21. Nxd5 {[%emt 0:00:01]} Rh5 {[%emt 0:00:02]} 22. Nxf6 {[%emt 0:00:03]} Rxf5 {[%emt 0:00:02]} 23. Nxg8 {[%emt 0:00:01]} Nc5 {[%emt 0:00:05]} 24. Nxe7 {[%emt 0:00:01]} Re5 {[%emt 0:00:01]} 25. Ng6 {[%emt 0:00:01]} Rxe2 {[%emt 0:00:00]} 26. Nf4 {[%emt 0:00:00]} Rc2 {[%emt 0:00:01]} 27. Be3 {[%emt 0:00:00]} Ne4 {[%emt 0:00:01]} 28. Rac1 {[%emt 0:00:01]} Rxb2 {[%emt 0:00:01]} 29. Nd5 {[%emt 0:00:00]} Rxa2 {[%emt 0:00:05]} 30. Rc7+ {[%emt 0:00:00]} Ka6 {[%emt 0:00:01]} 31. Nb4+ {[%emt 0:00:00]} Kb5 {[%emt 0:00:01]} 32. Nxa2 {[%emt 0:00:00]} a5 {[%emt 0:00:00]} 33. Nc3+ {[%emt 0:00:00]} Nxc3 {[%emt 0:00:01]} 34. Rxc3 {[%emt 0:00:00]} a4 {[%emt 0:00:00]} 35. Rfc1 {[%emt 0:00:01]} Kb4 {[%emt 0:00:02]} 36. g4 {[%emt 0:00:00]} b5 {[%emt 0:00:00]} 37. g5 {[%emt 0:00:00]} a3 {[%emt 0:00:00]} 38. g6 {[%emt 0:00:00]} a2 {[%emt 0:00:00]} 39. g7 {[%emt 0:00:00]} a1=Q {[%emt 0:00:00]} 40. Rxa1 {[%emt 0:00:00]} Kxc3 {[%emt 0:00:01]} 41. g8=Q {[%emt 0:00:00]} b4 {[%emt 0:00:00]} 42. Qc8+ {[%emt 0:00:01]} Kb2 {[%emt 0:00:01]} 43. Qc1+ {[%emt 0:00:01]} Kb3 {[%emt 0:00:00]} 44. Rb1+ {[%emt 0:00:00]} Ka4 {[%emt 0:00:01]} 45. Qc4 {[%emt 0:00:01]} Ka5 {[%emt 0:00:03]} 46. Qxb4+ {[%emt 0:00:00]} Ka6 {[%emt 0:00:00]} 47. Qb6# {[%emt 0:00:01] (Lag: Av=1.13s, max=2.4s) (Lag: Av=1.13s, max=2.4s) (Lag: Av=1.13s, max=2.4s)} 1-0

[Event "Stay Safe Play From Home 409"]
[Site "Emanuel Lasker Arena"]
[Date "2020.08.25"]
[Round "1"]
[White "Fat Kevin"]
[Black "Trotsky"]
[Result "1-0"]
[WhiteElo "2047"]
[BlackElo "1617"]
[Annotator "NA"]
[PlyCount "37"]
[EventDate "2020.08.25"]
[EventType "swiss (blitz)"]

1. d4 {[%emt 0:00:01]} d5 {[%emt 0:00:01]} 2. c4 {[%emt 0:00:00]} e6 {[%emt 0:00:01]} 3. Nc3 {[%emt 0:00:01]} c5 {[%emt 0:00:01]} 4. Nf3 {[%emt 0:00:03]} Nc6 {[%emt 0:00:01]} 5. e3 {[%emt 0:00:01]} Nf6 {[%emt 0:00:01]} 6. cxd5 {[%emt 0:00:02]} exd5 {[%emt 0:00:01]} 7. Bb5 {[%emt 0:00:00]} Qc7 {[%emt 0:00:02]} 8. Ne5 {[%emt 0:00:04]} Bd6 {[%emt 0:00:02]} 9. Nd3 {[%emt 0:00:06]} c4 {[%emt 0:00:02]} 10. Bxc6+ {[%emt 0:00:06]} bxc6 {[%emt 0:00:01]} 11. Nc5 {[%emt 0:00:01]} h5 {[%emt 0:00:11]} 12. g3 {[%emt 0:00:03]} a6 {[%emt 0:00:04]} 13. e4 {[%emt 0:00:05]} Be6 {[%emt 0:00:02]} 14. e5 {[%emt 0:00:01]} Bxe5 {[%emt 0:00:01]} 15. dxe5 {[%emt 0:00:01]} Qxe5+ {[%emt 0:00:01]} 16. Qe2 {[%emt 0:00:00]} Qd6 {[%emt 0:00:02]} 17. N5a4 {[%emt 0:00:03]} O-O-O {[%emt 0:00:02]} 18. Bf4 {[%emt 0:00:01]} Qd7 {[%emt 0:00:02]} 19. Nb6+ {[%emt 0:00:01] Trotsky Ñäàåòñÿ Trotsky Ñäàåòñÿ Trotsky Ñäàåòñÿ (Lag: Av=0.27s, max=0.8s) (Lag: Av=0.27s, max=0.8s) (Lag: Av=0.27s, max=0.8s)} 1-0

[Event "Stay Safe Play From Home 409"]
[Site "Emanuel Lasker Arena"]
[Date "2020.08.25"]
[Round "1"]
[White "Stefanone"]
[Black "IceQueen"]
[Result "0-1"]
[WhiteElo "2040"]
[BlackElo "2258"]
[PlyCount "78"]
[EventDate "2020.08.25"]
[EventType "swiss (blitz)"]

1. d4 {[%emt 0:00:01]} d6 {[%emt 0:00:01]} 2. e3 {[%emt 0:00:00]} Nf6 {[%emt 0:00:00]} 3. f4 {[%emt 0:00:00]} g6 {[%emt 0:00:00]} 4. Nf3 {[%emt 0:00:00]} Bg7 {[%emt 0:00:00]} 5. Bc4 {[%emt 0:00:00]} O-O {[%emt 0:00:00]} 6. Qe2 {[%emt 0:00:00]} Nc6 {[%emt 0:00:00]} 7. e4 {[%emt 0:00:00]} e5 {[%emt 0:00:00]} 8. fxe5 {[%emt 0:00:01]} dxe5 {[%emt 0:00:00]} 9. d5 {[%emt 0:00:00]} Nd4 {[%emt 0:00:01]} 10. Nxd4 {[%emt 0:00:00]} exd4 {[%emt 0:00:00]} 11. O-O {[%emt 0:00:00]} h6 {[%emt 0:00:02]} 12. Qf2 {[%emt 0:00:01]} Nxe4 {[%emt 0:00:03]} 13. Qf3 {[%emt 0:00:01]} Nd6 {[%emt 0:00:00]} 14. Bb3 {[%emt 0:00:01]} Bf5 {[%emt 0:00:01]} 15. Nd2 {[%emt 0:00:00]} Qd7 {[%emt 0:00:01]} 16. Nc4 {[%emt 0:00:01]} Be4 {[%emt 0:00:01]} 17. Qg3 {[%emt 0:00:01]} Bxd5 {[%emt 0:00:02]} 18. Nxd6 {[%emt 0:00:01]} Bxb3 {[%emt 0:00:01]} 19. Ne4 {[%emt 0:00:03]} Bc4 {[%emt 0:00:02]} 20. Re1 {[%emt 0:00:01]} Rfe8 {[%emt 0:00:03]} 21. Bf4 {[%emt 0:00:01]} Bd5 {[%emt 0:00:04]} 22. Nf2 {[%emt 0:00:03]} c5 {[%emt 0:00:02]} 23. Bd6 {[%emt 0:00:02]} b6 {[%emt 0:00:02]} 24. Ng4 {[%emt 0:00:01]} Rad8 {[%emt 0:00:01]} 25. Bf4 {[%emt 0:00:01]} h5 {[%emt 0:00:04]} 26. Nf2 {[%emt 0:00:02]} Qf5 {[%emt 0:00:01]} 27. Bd2 {[%emt 0:00:01]} c4 {[%emt 0:00:02]} 28. h3 {[%emt 0:00:02]} c3 {[%emt 0:00:01]} 29. bxc3 {[%emt 0:00:01]} dxc3 {[%emt 0:00:00]} 30. Bf4 {[%emt 0:00:01]} Qxc2 {[%emt 0:00:01]} 31. Rxe8+ {[%emt 0:00:01]} Rxe8 {[%emt 0:00:01]} 32. Rc1 {[%emt 0:00:02]} Qf5 {[%emt 0:00:02]} 33. Nd1 {[%emt 0:00:03]} Re2 {[%emt 0:00:02]} 34. Ne3 {[%emt 0:00:01]} Qe4 {[%emt 0:00:02]} 35. Nxd5 {[%emt 0:00:01]} Qxd5 {[%emt 0:00:00]} 36. Kh2 {[%emt 0:00:05]} Qe4 {[%emt 0:00:02]} 37. Bg5 {[%emt 0:00:03]} c2 {[%emt 0:00:01]} 38. Qb8+ {[%emt 0:00:02]} Kh7 {[%emt 0:00:01]} 39. Qg3 {[%emt 0:00:02]} Be5 {[%emt 0:00:00] Stefanone abbandona Stefanone abbandona Stefanone abbandona (Lag: Av=0.40s, max=0.9s) (Lag: Av=0.40s, max=0.9s) (Lag: Av=0.40s, max=0.9s)} 0-1

[Event "Stay Safe Play From Home 409"]
[Site "Emanuel Lasker Arena"]
[Date "2020.08.25"]
[Round "2"]
[White "Tran Minh Thang"]
[Black "AChessPlayer"]
[Result "0-1"]
[WhiteElo "2421"]
[BlackElo "2386"]
[PlyCount "160"]
[EventDate "2020.08.25"]
[EventType "swiss (blitz)"]

1. Nf3 {[%emt 0:00:01]} g6 {[%emt 0:00:01]} 2. g3 {[%emt 0:00:02]} Bg7 {[%emt 0:00:00]} 3. Bg2 {[%emt 0:00:00]} e6 {[%emt 0:00:01]} 4. O-O {[%emt 0:00:00]} Ne7 {[%emt 0:00:00]} 5. c4 {[%emt 0:00:00]} O-O {[%emt 0:00:00]} 6. Nc3 {[%emt 0:00:00]} d5 {[%emt 0:00:00]} 7. cxd5 {[%emt 0:00:00]} e5 {[%emt 0:00:01]} 8. d4 {[%emt 0:00:00]} Nxd5 {[%emt 0:00:04]} 9. Nxd5 {[%emt 0:00:01]} Qxd5 {[%emt 0:00:01]} 10. Nxe5 {[%emt 0:00:00]} Qa5 {[%emt 0:00:00]} 11. Bf4 {[%emt 0:00:01]} c6 {[%emt 0:00:01]} 12. Nc4 {[%emt 0:00:01]} Qd8 {[%emt 0:00:02]} 13. Be5 {[%emt 0:00:03]} Be6 {[%emt 0:00:01]} 14. Bxg7 {[%emt 0:00:01]} Kxg7 {[%emt 0:00:00]} 15. Qc2 {[%emt 0:00:00]} Qxd4 {[%emt 0:00:02]} 16. Na5 {[%emt 0:00:00]} Qb6 {[%emt 0:00:01]} 17. Nb3 {[%emt 0:00:00]} Bxb3 {[%emt 0:00:01]} 18. axb3 {[%emt 0:00:02]} Qb4 {[%emt 0:00:01]} 19. Qc4 {[%emt 0:00:01]} Na6 {[%emt 0:00:03]} 20. Bxc6 {[%emt 0:00:04]} Qxc4 {[%emt 0:00:07]} 21. bxc4 {[%emt 0:00:01]} Nc5 {[%emt 0:00:00]} 22. Bd5 {[%emt 0:00:01]} a5 {[%emt 0:00:00]} 23. Rfb1 {[%emt 0:00:02]} Ra6 {[%emt 0:00:01]} 24. b4 {[%emt 0:00:02]} axb4 {[%emt 0:00:01]} 25. Rxa6 {[%emt 0:00:00]} Nxa6 {[%emt 0:00:00]} 26. Bxb7 {[%emt 0:00:01]} Nc5 {[%emt 0:00:00]} 27. Bc6 {[%emt 0:00:06]} Rb8 {[%emt 0:00:00]} 28. Bb5 {[%emt 0:00:00]} b3 {[%emt 0:00:00]} 29. e3 {[%emt 0:00:02]} Kf6 {[%emt 0:00:00]} 30. f4 {[%emt 0:00:02]} Ke6 {[%emt 0:00:01]} 31. Kf2 {[%emt 0:00:01]} f6 {[%emt 0:00:01]} 32. Ke2 {[%emt 0:00:01]} Kd6 {[%emt 0:00:03]} 33. Kd2 {[%emt 0:00:02]} Rb7 {[%emt 0:00:02]} 34. Kc3 {[%emt 0:00:00]} Re7 {[%emt 0:00:00]} 35. Re1 {[%emt 0:00:02]} Kc7 {[%emt 0:00:01]} 36. Re2 {[%emt 0:00:04]} Kb6 {[%emt 0:00:01]} 37. g4 {[%emt 0:00:02]} g5 {[%emt 0:00:02]} 38. fxg5 {[%emt 0:00:01]} fxg5 {[%emt 0:00:00]} 39. e4 {[%emt 0:00:01]} Rxe4 {[%emt 0:00:02]} 40. Rxe4 {[%emt 0:00:01]} Nxe4+ {[%emt 0:00:00]} 41. Kxb3 {[%emt 0:00:00]} Nf6 {[%emt 0:00:00]} 42. h3 {[%emt 0:00:01]} Ne4 {[%emt 0:00:00]} 43. Kb4 {[%emt 0:00:00]} h6 {[%emt 0:00:02]} 44. Bd7 {[%emt 0:00:01]} Kc7 {[%emt 0:00:01]} 45. Bb5 {[%emt 0:00:01]} Kd6 {[%emt 0:00:01]} 46. Ka5 {[%emt 0:00:01]} Kc5 {[%emt 0:00:01]} 47. Ka6 {[%emt 0:00:00]} Nf2 {[%emt 0:00:00]} 48. Bd7 {[%emt 0:00:01]} Nxh3 {[%emt 0:00:00]} 49. Be6 {[%emt 0:00:00]} Nf2 {[%emt 0:00:00]} 50. Bf7 {[%emt 0:00:00]} Ne4 {[%emt 0:00:01]} 51. Kb7 {[%emt 0:00:00]} Nd6+ {[%emt 0:00:00]} 52. Kc7 {[%emt 0:00:00]} Nxf7 {[%emt 0:00:00]} 53. Kd7 {[%emt 0:00:00]} Ne5+ {[%emt 0:00:00]} 54. Ke6 {[%emt 0:00:00]} Nxg4 {[%emt 0:00:01]} 55. Kf5 {[%emt 0:00:00]} Kxc4 {[%emt 0:00:01]} 56. Ke4 {[%emt 0:00:00]} Nf6+ {[%emt 0:00:01]} 57. Kf5 {[%emt 0:00:00]} g4 {[%emt 0:00:00]} 58. Kf4 {[%emt 0:00:00]} h5 {[%emt 0:00:00]} 59. Kg3 {[%emt 0:00:00]} Kd5 {[%emt 0:00:00]} 60. Kh4 {[%emt 0:00:00]} Ke6 {[%emt 0:00:00]} 61. Kg3 {[%emt 0:00:00]} Kf7 {[%emt 0:00:00]} 62. Kf4 {[%emt 0:00:00]} Kg7 {[%emt 0:00:00]} 63. Kg3 {[%emt 0:00:00]} Kg6 {[%emt 0:00:00]} 64. Kh4 {[%emt 0:00:00]} Kh6 {[%emt 0:00:00]} 65. Kg3 {[%emt 0:00:00]} Kg5 {[%emt 0:00:00]} 66. Kh2 {[%emt 0:00:01]} Ng8 {[%emt 0:00:00]} 67. Kg2 {[%emt 0:00:00]} h4 {[%emt 0:00:00]} 68. Kh2 {[%emt 0:00:00]} Kf5 {[%emt 0:00:00]} 69. Kg2 {[%emt 0:00:00]} Kf4 {[%emt 0:00:00]} 70. Kf2 {[%emt 0:00:00]} h3 {[%emt 0:00:00]} 71. Kg1 {[%emt 0:00:01]} Kg3 {[%emt 0:00:00]} 72. Kh1 {[%emt 0:00:00]} Kf3 {[%emt 0:00:00]} 73. Kg1 {[%emt 0:00:00]} Ke2 {[%emt 0:00:00]} 74. Kh1 {[%emt 0:00:00]} Kf2 {[%emt 0:00:00]} 75. Kh2 {[%emt 0:00:00]} g3+ {[%emt 0:00:00]} 76. Kxh3 {[%emt 0:00:00]} g2 {[%emt 0:00:00]} 77. Kh4 {[%emt 0:00:00]} g1=Q {[%emt 0:00:00]} 78. Kh5 {[%emt 0:00:00]} Ne7 {[%emt 0:00:00]} 79. Kh4 {[%emt 0:00:00]} Qg6 {[%emt 0:00:01]} 80. Kh3 {[%emt 0:00:00]} Qg3# {[%emt 0:00:00] (Lag: Av=1.01s, max=1.9s) (Lag: Av=1.01s, max=1.9s) (Lag: Av=1.01s, max=1.9s)} 0-1

[Event "Stay Safe Play From Home 409"]
[Site "Emanuel Lasker Arena"]
[Date "2020.08.25"]
[Round "2"]
[White "Mepe_Nika"]
[Black "Nguyen Hong Anh"]
[Result "0-1"]
[WhiteElo "2414"]
[BlackElo "2234"]
[PlyCount "80"]
[EventDate "2020.08.25"]
[EventType "swiss (blitz)"]

1. d4 {[%emt 0:00:01]} Nf6 {[%emt 0:00:01]} 2. c4 {[%emt 0:00:00]} g6 {[%emt 0:00:01]} 3. Nc3 {[%emt 0:00:00]} d5 {[%emt 0:00:00]} 4. Nf3 {[%emt 0:00:00]} Bg7 {[%emt 0:00:01]} 5. h4 {[%emt 0:00:00]} O-O {[%emt 0:00:00]} 6. cxd5 {[%emt 0:00:01]} Nxd5 {[%emt 0:00:01]} 7. h5 {[%emt 0:00:00]} Nxc3 {[%emt 0:00:00]} 8. bxc3 {[%emt 0:00:00]} c5 {[%emt 0:00:00]} 9. hxg6 {[%emt 0:00:01]} hxg6 {[%emt 0:00:01]} 10. Bh6 {[%emt 0:00:00]} cxd4 {[%emt 0:00:02]} 11. Qc1 {[%emt 0:00:04]} Bf6 {[%emt 0:00:22]} 12. Bxf8 {[%emt 0:00:03]} Qxf8 {[%emt 0:00:00]} 13. Nxd4 {[%emt 0:00:01]} Nc6 {[%emt 0:00:01]} 14. Nxc6 {[%emt 0:00:01]} bxc6 {[%emt 0:00:00]} 15. g3 {[%emt 0:00:01]} Bf5 {[%emt 0:00:01]} 16. Bg2 {[%emt 0:00:01]} Qg7 {[%emt 0:00:00]} 17. O-O {[%emt 0:00:01]} Bxc3 {[%emt 0:00:01]} 18. e4 {[%emt 0:00:00]} Bxa1 {[%emt 0:00:02]} 19. exf5 {[%emt 0:00:01]} Bd4 {[%emt 0:00:01]} 20. Qxc6 {[%emt 0:00:02]} Rd8 {[%emt 0:00:01]} 21. fxg6 {[%emt 0:00:01]} Qxg6 {[%emt 0:00:01]} 22. Qc7 {[%emt 0:00:02]} Bb6 {[%emt 0:00:01]} 23. Qxe7 {[%emt 0:00:04]} Rd2 {[%emt 0:00:02]} 24. Qe5 {[%emt 0:00:05]} Qc2 {[%emt 0:00:02]} 25. Kh2 {[%emt 0:00:07]} Rxf2 {[%emt 0:00:02]} 26. Qg5+ {[%emt 0:00:01]} Kf8 {[%emt 0:00:01]} 27. Qh6+ {[%emt 0:00:02]} Ke7 {[%emt 0:00:01]} 28. Re1+ {[%emt 0:00:01]} Kd7 {[%emt 0:00:02]} 29. Qh3+ {[%emt 0:00:01]} Kc7 {[%emt 0:00:01]} 30. Re7+ {[%emt 0:00:01]} Kd6 {[%emt 0:00:04]} 31. Rd7+ {[%emt 0:00:04]} Kc5 {[%emt 0:00:00]} 32. Qh5+ {[%emt 0:00:04]} Kb4 {[%emt 0:00:00]} 33. Qg4+ {[%emt 0:00:01]} Ka3 {[%emt 0:00:00]} 34. Qh3 {[%emt 0:00:01]} Kxa2 {[%emt 0:00:00]} 35. Re7 {[%emt 0:00:02]} a5 {[%emt 0:00:00]} 36. Re4 {[%emt 0:00:01]} a4 {[%emt 0:00:00]} 37. Rb4 {[%emt 0:00:01]} Bc5 {[%emt 0:00:01]} 38. Rf4 {[%emt 0:00:01]} a3 {[%emt 0:00:00]} 39. Rxf2 {[%emt 0:00:01]} Qxf2 {[%emt 0:00:01]} 40. g4 {[%emt 0:00:01]} Qg1+ {[%emt 0:00:00] Time Time Time (Lag: Av=1.28s, max=7.5s) (Lag: Av=1.28s, max=7.5s) (Lag: Av=1.28s, max=7.5s)} 0-1

[Event "Stay Safe Play From Home 409"]
[Site "Emanuel Lasker Arena"]
[Date "2020.08.25"]
[Round "2"]
[White "IceQueen"]
[Black "Fat Kevin"]
[Result "1-0"]
[WhiteElo "2266"]
[BlackElo "2049"]
[PlyCount "57"]
[EventDate "2020.08.25"]
[EventType "swiss (blitz)"]

1. e4 {[%emt 0:00:01]} c5 {[%emt 0:00:00]} 2. Nc3 {[%emt 0:00:00]} Nf6 {[%emt 0:00:00]} 3. Nf3 {[%emt 0:00:00]} d5 {[%emt 0:00:00]} 4. exd5 {[%emt 0:00:01]} Nxd5 {[%emt 0:00:01]} 5. Bb5+ {[%emt 0:00:00]} Bd7 {[%emt 0:00:01]} 6. Qe2 {[%emt 0:00:00]} Nxc3 {[%emt 0:00:02]} 7. bxc3 {[%emt 0:00:00]} Nc6 {[%emt 0:00:01]} 8. O-O {[%emt 0:00:01]} e6 {[%emt 0:00:02]} 9. d4 {[%emt 0:00:01]} Be7 {[%emt 0:00:01]} 10. Rd1 {[%emt 0:00:01]} O-O {[%emt 0:00:04]} 11. Rb1 {[%emt 0:00:01]} b6 {[%emt 0:00:04]} 12. Bf4 {[%emt 0:00:04]} Qe8 {[%emt 0:00:01]} 13. Re1 {[%emt 0:00:01]} Na5 {[%emt 0:00:01]} 14. d5 {[%emt 0:00:03]} Bxb5 {[%emt 0:00:01]} 15. Rxb5 {[%emt 0:00:00]} Bf6 {[%emt 0:00:02]} 16. dxe6 {[%emt 0:00:02]} fxe6 {[%emt 0:00:01]} 17. Bd6 {[%emt 0:00:01]} Rf7 {[%emt 0:00:03]} 18. Bxc5 {[%emt 0:00:03]} Nb7 {[%emt 0:00:03]} 19. Bd4 {[%emt 0:00:01]} Nd8 {[%emt 0:00:01]} 20. Ne5 {[%emt 0:00:02]} Nc6 {[%emt 0:00:03]} 21. Nxf7 {[%emt 0:00:02]} Bxd4 {[%emt 0:00:02]} 22. Nd6 {[%emt 0:00:02]} Bxf2+ {[%emt 0:00:05]} 23. Qxf2 {[%emt 0:00:00]} Qd7 {[%emt 0:00:01]} 24. Ne4 {[%emt 0:00:01]} Ne7 {[%emt 0:00:01]} 25. Rg5 {[%emt 0:00:01]} h6 {[%emt 0:00:03]} 26. Nf6+ {[%emt 0:00:01]} Kf7 {[%emt 0:00:04]} 27. Nxd7+ {[%emt 0:00:00]} Nf5 {[%emt 0:00:00]} 28. Rxf5+ {[%emt 0:00:01]} Ke7 {[%emt 0:00:00]} 29. Rf7+ {[%emt 0:00:01] Fat Kevin gibt auf Fat Kevin gibt auf Fat Kevin gibt auf (Lag: Av=0.38s, max=0.6s) (Lag: Av=0.38s, max=0.6s) (Lag: Av=0.38s, max=0.6s)} 1-0